000 00764nam a22002057a 4500
999 _c61310
_d61310
005 20240202105132.0
008 240202s2023en xxu||||| |||| 00| 0 eng d
020 _a9781803243771 X
041 _aeng
080 _a657.6 C-17
100 _a Cambric, Shinesa [Authors]
_921186
245 _a Cloud auditing best practices :
_bperform security and IT audits across AWS, Azure, and GCP by building effective cloud auditing plans /
_cShinesa Cambric, Michael Ratemo.
264 _aBirminghamn:
_bPackt Publishing,
_c2023.
300 _a251 p;
_bill;
_c23 cm.
653 _a Cloud auditing best practices
653 _aაუდიტი
653 _aბუღალტერია
700 _aRatemo, Michael [Authors]
_921187
942 _2udc
_cᲬᲘᲒᲜᲘ